000 00814nam a22002657a 4500
005 20210419083443.0
008 201110s2018 ||||| |||| 00| 0 eng d
020 _a9781506228358
040 _aeng
_cDLC
041 _aeng
080 _a612
_bK-20
100 _925
_aWilson, Britt. L. PhD
245 _aUSMLE: Step 1
_b: Lecture Notes 2018, Physiology
_c/ by Kaplan Medical: Edited by L. Britt Wilson Phd,
260 _aNew York
_bKaplan Medical
_c2018
300 _a425 pages
_bill
650 0 _9129
_aPhysiology
650 0 _969
_aMedicine
650 0 _972
_aUSMLE STEP 1
653 _aმედიცინა
653 _aფიზიოლოგია
700 _925
_aWilson, Britt. L. PhD
710 _926
_aDasgupta, Raj MD, FACP, FCCP, FAASM
711 _927
_aNoto, P. Frank MD
942 _2udc
_cBK
999 _c341
_d341